00901cam a2200217 4500008004100000020001500041035001600056245021200072250001200284260004200296300002900338504002800367506002000395650002800415700003200443700001900475700002300494942001300517999001900530952013400549080207n mx 000 0 spa u a9185520268 ai9185520268 aWhat is angina? : bProceedings of a symposium held in the hague, the netherlands, 15-16 october, 1981, sponsored by ab hassle, subsidiaryof ab astra, sweden / Ed by d. g. julian, k. i. lie and l. wilhelmsen a1a. ed. aMolndal, sweden : bAB Hassle, c1982 a239p.; b il.; c 26 cm. aIncluye bibliografías aRec. Prop. Esc. 7aAngina de pecho 2lemb.1 aJulian, Desmond Gareth, ed.1 aLie, K. I. ed.1 aWilhelmsen, L. ed. 2lcccLIB c113492d113492 102lcc4070aLIC-028bLIC-028cGENERALd2016-05-17f1a. ed.iCSkCSoRC685 W43 1982pBFO000000880r2016-05-17 00:00:00tC:1yLIB